000 00840nam a22002777a 4500
001 BR2014005799
003 BR-BrBNA
005 20230928104505.0
007 ta
008 230509b bl.||||| |||| 00| 0 por d
040 _aBR-BrBNA
_bpor
_cBiblioteca Nacional de Agricultura
041 _a(Por)
072 _aP10
090 _ P10 BR2014005799
110 1 _aMinistério do Meio Ambiente, Brasília, DF (Brasil). Secretaria de Recursos Hídricos
_97132
245 1 _aCaderno da região hidrográfica atlântico sudeste
260 3 _aBrasília, DF (Brasil):
_c2006.
300 _a140 p.
500 _aSummary (Por); 42 illus.; 36 tables
650 _aRECURSO HÍDRICO
650 _aHIDROGRAFIA
650 _aDESENVOLVIMENTO ECONÔMICO
650 _aPOLÍTICA AMBIENTAL
909 _a202309
_bLucia
_c55
_dLucia Elande
942 _cBK
999 _c80209
_d80209